[Event "Aberto do Brasil CONTAUD 2022"]
[Site "Cuiaba - MT - Brasil"]
[Date "2022.10.26"]
[Round "3"]
[Board "29"]
[White "Bashtavenko, Aleksey"]
[Black "Moraes Silva, Natasha Alejandra"]
[Result "1/2-1/2"]
[WhiteElo "1614"]
[BlackElo "1469"]
[PlyCount "94"]
[EventDate "2022.10.25"]
[EventRounds "9"]
[EventCountry "BRA"]

1. d4 e6 2. e4 d5 3. e5 c5 4. c3 Nc6 5. Nf3 Qb6 6. Bd3 Bd7 7. O-O cxd4 8. cxd4 Nxd4
9. Nxd4 Qxd4 10. Nc3 Ne7 11. Re1 Ng6 12. Nb5 Qb6 13. Be3 Qa5 14. Bd2 Qd8 15. Rc1
Bc6 16. Qh5 Be7 17. Nd4 O-O 18. Nxc6 bxc6 19. Rxc6 Rc8 20. Rec1 Rxc6 21. Rxc6 Qd7
22. Rc1 Qa4 23. Bb1 Qb5 24. b3 Bc5 25. Be1 Rc8 26. Qg5 Qb8 27. Bxg6 hxg6 28. Qf4
Ba3 29. Rxc8+ Qxc8 30. Qd2 Bc1 31. Qc3 Qxc3 32. Bxc3 Bg5 33. g3 Be7 34. b4 f6 35.
exf6 gxf6 36. b5 e5 37. Kf1 Kf7 38. a4 d4 39. Ba5 Bc5 40. Ke2 g5 41. g4 Ke6 42. Kd3
Kd5 43. f3 Bb6 44. Bb4 Bc5 45. Be1 Bd6 46. h4 gxh4 47. Bxh4 Be7  1/2-1/2

[Event "Aberto do Brasil CONTAUD 2022"]
[Site "Cuiaba - MT - Brasil"]
[Date "2022.10.26"]
[Round "3"]
[Board "31"]
[White "Mello, Eduardo Dos Santos"]
[Black "Da Silva, Debora Oliveira Lopes"]
[Result "1-0"]
[WhiteElo "1502"]
[BlackElo "1332"]
[PlyCount "51"]
[EventDate "2022.10.25"]
[EventRounds "9"]
[EventCountry "BRA"]

1. e4 c5 2. Nf3 d6 3. Bb5+ Nd7 4. d4 a6 5. Be2 cxd4 6. Nxd4 Ngf6 7. Nc3 b5 8. a3
Bb7 9. f3 d5 10. exd5 Nxd5 11. Nxd5 Bxd5 12. O-O e6 13. Kh1 Bd6 14. f4 O-O 15. Bf3
Nf6 16. Bxd5 Nxd5 17. c3 Qc7 18. Qg4 f5 19. Qf3 Rae8 20. Bd2 Qf7 21. Rae1 e5 22.
fxe5 Bxe5 23. Nxf5 Qd7 24. Rxe5 Nf6 25. Rxe8 Nxe8 26. Nh6+  1-0

[Event "Aberto do Brasil CONTAUD 2022"]
[Site "Cuiaba - MT - Brasil"]
[Date "2022.10.26"]
[Round "3"]
[Board "32"]
[White "Born, Ary"]
[Black "Volpato, Alzir"]
[Result "0-1"]
[WhiteElo "1248"]
[BlackElo "1501"]
[PlyCount "82"]
[EventDate "2022.10.25"]
[EventRounds "9"]
[EventCountry "BRA"]

1. e4 e5 2. Nf3 Nc6 3. c3 Nf6 4. d4 exd4 5. cxd4 Nxe4 6. Bd3 Bb4+ 7. Nc3 Nxc3 8.
bxc3 Bxc3+ 9. Bd2 Bxa1 10. Qxa1 O-O 11. O-O d6 12. Ng5 h6 13. Nh7 Re8 14. Re1 Rxe1+
15. Qxe1 Qe7 16. d5 Qxe1+ 17. Bxe1 Ne5 18. Be4 Bd7 19. h3 f5 20. f4 fxe4 21. fxe5
dxe5 22. Bg3 Re8 23. Kf2 Bb5 24. Ke3 Bd3 25. a3 Kf7 26. a4 Kg6 27. a5 Kxh7 28. Bf2
g5 29. Be1 Rd8 30. h4 gxh4 31. Bxh4 Rxd5 32. g3 Rxa5 33. Bd8 c5 34. g4 c4 35. g5
c3 36. Bc7 Kg6 37. Bb8 Kf5 38. Bd6 c2 39. Kd2 Ra1 40. Ba3 Rxa3 41. g6 Ra1  0-1